Návrh opatrení na zlepšenie skladovania náhradných dielov a pneumatík v podniku AutoGroup TT s.r.o., Trnava

Saved in:
Bibliographic Details
Main Author: Uhlík, Matúš (Author)
Other Authors: Fidlerová, Helena (Thesis advisor)
Format: Manuscript Book
Language:Slovak
Published: 2025
Subjects:
Online Access:http://is.stuba.sk/zp/portal_zp.pl?podrobnosti=193752
Tags: Add Tag
No Tags, Be the first to tag this record!

MARC

LEADER 00000ntm a22000003a 4500
001 stuzp104173
003 SK-STU
005 20250628211306.7
007 ta
008 150427s2015----xo-----f-mn---000-0-slo-d
040 |a STU  |b slo 
041 0 |a slo 
100 1 |a Uhlík, Matúš  |u 064000  |4 aut  |U MTF Materiálovotechnologická fakulta  |T MTF Ústav priemyselného inžinierstva a manažmentu  |X 116631  |U M4000  |Y 84  |7 116631 
242 0 1 |a Proposal of Measures for Warehosing in Company AutoGroup TT s.r.o., Trnava  |y eng 
245 1 0 |a Návrh opatrení na zlepšenie skladovania náhradných dielov a pneumatík v podniku AutoGroup TT s.r.o., Trnava 
260 |c 2025 
650 4 |a Automobilový priemysel  |2 slo 
650 4 |a Skladovanie  |2 slo 
650 4 |a Riadenie zásob  |2 slo 
650 4 |a Warehousing  |2 eng 
650 4 |a Inventory management  |2 eng 
650 4 |a Automotive industry  |2 eng 
700 1 |a Fidlerová, Helena  |u 064000  |k Z2  |4 ths  |U MTF Materiálovotechnologická fakulta  |T MTF Ústav priemyselného inžinierstva a manažmentu  |X 3662  |U M4000  |Y 84  |7 A000003662 
856 4 |u http://is.stuba.sk/zp/portal_zp.pl?podrobnosti=193752 
996 |c M* BP-10042  |l MMSKP  |s P  |a 0  |w stuzp104173_0001